000 00815nam0a22002531 4500
001 rc\327250
005 20250621035904.0
035 _a(NLR Aleph) 005561034
090 _a5911627
_c5911627
100 _a20030307d1989 |||y0rusy50 ca
101 0 _arus
102 _aRU
105 _ay |||||||||
200 1 _aПрограммное обеспечение для микроЭВМ ОДРЕНОК
_eОперац. система ОДОС
210 _aНовосибирск
_cИЯФ
_d1989
215 _a82 с.
_d21
225 1 _aПрепринт
_fИн-т ядер. физики СО АН СССР
_v89-67
320 _aБиблиогр.: с. 80 (5 назв.)
700 1 _aАлешаев
_bА.Н.
801 0 _aRU
_bNLR
_gpsbo
801 1 _aRU
_bELAR
_2rusmarc
852 _aNLR
_j89-4/18168
942 _cBOOK
980 _aNB